Quizz Culture Générale Foot - Statistiques

Statistiques générales
  • Ce quiz a été pris 917 fois
  • Le résultat moyen est 5 sur 15
Statistiques - réponses
Hint Réponse % Correct
Dans combien de championnats Zlatan Ibrahimovic a-t-il évolué ? 7
65%
Qui est l'auteur du centre qui mène à la fameuse demi-volée de Benjamin Pavard face à l'Argentine ? Lucas Hernandez
55%
Quel joueur est passé par le Rennes, Nice, Lille, Bordeaux, Lyon, Paris et Marseille ? Hatem Ben Arfa
53%
Selon le gouvernement Nord-Coréen, qui a gagné la Coupe Du Monde 2010 ? Portugal
53%
Quel pays a remporté l'Euro 1992 en n'étant initialement pas qualifié ? Danemark
50%
Qui est le meilleur buteur de l'histoire de la Coupe Du Monde ? Miroslav Klose
47%
Quel joueur d'Amérique Centrale a remporté la Ligue des Champions 3 fois au cours de la décennie 2010-2020 ? Keylor Navas
36%
De quelle couleur étaient les premiers maillots de la Juventus de Turin ? Rose
33%
Quel animal avait fait sensation en devinant les vainqueurs de 8 matchs sur 8 lors de la Coupe Du Monde 2010 ? Poulpe
28%
Lors de quelle édition est arrivé le trophée de la Coupe Du Monde que l'on connaît aujourd'hui ? 1974
27%
Quel joueur a joué avec Messi, Cristiano Ronaldo, Haaland et Mbappé ? Hakimi
25%
Quels étaient les 2 finalistes de l'édition 2003/2004 de la LDC ? Monaco et Porto
13%
Quelle nationalité est la plus présente dans le top 10 des joueurs avec le plus de CSC ? Anglais
12%
En arrondissant à la centaine, combien y'a-t-il de terrains de football en France ? 2500
4%
Donnez le nom complet du joueur ayant marqué le plus de buts à l'âge de 21 ans Neymar Da Silva Santos Junior
2%
Aucun quiz correspondant
Distribution des résultats
% des personnes avec chaque résultat
Percentile par nombre de réponses
Votre historique - résultats
Vous n’avez pas pris ce quiz